| 000 | 00582nam a2200169Ia 4500 | ||
|---|---|---|---|
| 008 | 090201s9999 xx 000 0 und d | ||
| 010 | _aKPL-53514 | ||
| 040 | _bमराठी | ||
| 041 | _aमराठी | ||
| 082 |
_a13020 _b53514 |
||
| 100 | _aयशवंत पाठक | ||
| 245 |
_aस्पंदने श्री समर्थांची _cयशवंत पाठक |
||
| 260 |
_c2004 _bत्रिदल प्रकाशन |
||
| 300 |
_a151 _bमोठा |
||
| 600 | _aस्पंदने श्री समर्थांची | ||
| 942 | _cBOOK | ||
| 999 |
_c213253 _d213253 |
||